Cómo hacer una tesis (Registro nro. 3123)
[ vista simple ]
| 000 -LEADER | |
|---|---|
| fixed length control field | 01280 a2200205 4500 |
| 001 - CONTROL NUMBER | |
| control field | 39889 |
| 005 - DATE AND TIME OF LATEST TRANSACTION | |
| control field | 20260407155655.0 |
| 008 - FIXED-LENGTH DATA ELEMENTS--GENERAL INFORMATION | |
| fixed length control field | 260407a1982 arg spa d |
| 003 - CONTROL NUMBER IDENTIFIER | |
| control field | AR-UNSa-BCEJYS |
| 040 ## - CATALOGING SOURCE | |
| Original cataloging agency | AR-UNSa-BCEJYS |
| Language of cataloging | spa |
| Transcribing agency | AR-UNSa-BCEJYS |
| 080 ## - UNIVERSAL DECIMAL CLASSIFICATION NUMBER | |
| Universal Decimal Classification number | 001.8 |
| Common auxiliary subdivision | Metodología. Estudio general del método. Procedimientos científicos y técnicos para el estudio, La investigación y la discusión |
| 020 ## - INTERNATIONAL STANDARD BOOK NUMBER | |
| International Standard Book Number | 970-05-0265-1 |
| 100 1# - MAIN ENTRY--PERSONAL NAME | |
| Personal name | Taborga, Huáscar |
| 245 10 - TITLE STATEMENT | |
| Title | Cómo hacer una tesis |
| 264 #1 - PRODUCTION, PUBLICATION, DISTRIBUTION, MANUFACTURE, AND COPYRIGHT NOTICE | |
| Place of production, publication, distribution, manufacture | Barcelona : |
| Name of producer, publisher, distributor, manufacturer | Ediciones Grijalbo |
| Date of production, publication, distribution, manufacture, or copyright notice | 1982 |
| 300 ## - PHYSICAL DESCRIPTION | |
| Extent | 220 p. |
| Dimensions | 22 cm. |
| 505 ## - FORMATTED CONTENTS NOTE | |
| Formatted contents note | Parte I: Técnicas para la elaboración de la tesis - Parte II: Investigación Preliminar: 1. Determinación del área - 2. Breve consulta bibliográfica sobre la área elegida - 3. Elección del tema, determinación de su perimetro y elaboración de la agenda de investigación - 4. Sondeo de fuentes de conocimiento y descubrimiento de hipótesis - Parte III: 5. Estudio y elaboración de la tesis : 5. Estructura en borrado del esquema de la tesis - 6. Elaboración de fichas piloto y grafico-descriptiva - 7. Estudio de fuentes de conocimiento - 8. Exmamén y ajuste de fichas - 9. Exposición gradual - 10. Copia. |
| 590 ## - LOCAL NOTE (RLIN) | |
| Local note | niveau_biblio:m niveau_hierar:0 |
| 942 ## - ADDED ENTRY ELEMENTS (KOHA) | |
| Koha item type | |
| Withdrawn status | Lost status | Damaged status | Not for loan | Home library | Current library | Shelving location | Date acquired | Total checkouts | Full call number | Barcode | Date last seen | Price effective from | Koha item type |
|---|---|---|---|---|---|---|---|---|---|---|---|---|---|
| Biblioteca Prof. Eusebio Cleto del Rey | Biblioteca Prof. Eusebio Cleto del Rey | 07/04/2026 | 001.8 T114 | L86379 | 07/04/2026 | 07/04/2026 | Libro |